000 00422nam a2200157Ia 4500
003 GCL
008 140319s9999 xx 000 0 ara d
040 _aGCL /
_cGCL
082 0 4 _a070.412
_bم م
100 1 _aمحمود ادهم
245 1 0 _aالموضوع الاخبارى /
_cمحمود ادهم
300 _a224 ص ؛
_c24 سم
650 0 4 _aالصحف
650 0 4 _aالصحافة - تحرير
942 _2ddc
_cBK
999 _c48340
_d48340